Psychology and Social Work: Applied Perspectives (Record no. 1848458)
[ view plain ]
| 000 -LEADER | |
|---|---|
| fixed length control field | 00561nam a22001937a 4500 |
| 005 - DATE AND TIME OF LATEST TRANSACTION | |
| control field | 20260423161708.0 |
| 008 - FIXED-LENGTH DATA ELEMENTS--GENERAL INFORMATION | |
| fixed length control field | 260423b |||||||| |||| 00| 0 eng d |
| 037 ## - SOURCE OF ACQUISITION | |
| Terms of availability | DSWL |
| 040 ## - CATALOGING SOURCE | |
| Original cataloging agency | DSWL |
| Transcribing agency | DSWL |
| 041 ## - LANGUAGE CODE | |
| Language code of original | eng |
| 084 ## - COLON CLASSIFICATION NUMBER | |
| Classification number | SOaYX Q7 |
| 100 ## - MAIN ENTRY--PERSONAL NAME | |
| Personal name | Misca , Gabriela |
| 9 (RLIN) | 1235578 |
| 245 ## - TITLE STATEMENT | |
| Title | Psychology and Social Work: Applied Perspectives |
| 260 ## - PUBLICATION, DISTRIBUTION, ETC. | |
| Place of publication, distribution, etc. | Cambridge, |
| Name of publisher, distributor, etc. | Polity Press, |
| Date of publication, distribution, etc. | 2017 |
| 300 ## - PHYSICAL DESCRIPTION | |
| Extent | 202p |
| 700 ## - ADDED ENTRY--PERSONAL NAME | |
| Personal name | Peter Unwin |
| 9 (RLIN) | 1104907 |
| 942 ## - ADDED ENTRY ELEMENTS (KOHA) | |
| Source of classification or shelving scheme | Colon Classification (CC) |
| Koha item type | Textual |
| Classification part | SOaYX Q7 |
| Suppress in OPAC | No |
| Withdrawn status | Lost status | Source of classification or shelving scheme | Damaged status | Not for loan | Home library | Current library | Date acquired | Source of acquisition | Inventory number | Total Checkouts | Full call number | Barcode | Date last seen | Price effective from | Koha item type |
|---|---|---|---|---|---|---|---|---|---|---|---|---|---|---|---|
| Colon Classification (CC) | Department of Social Work Library | Department of Social Work Library | 2018-02-27 | Better Book Service | 157/27.02.18 | SOaYX Q7 | SW0032389 | 2026-04-23 | 2026-04-23 | Textual |
